Normal view
MARC view
Entry Personal Name
001 - CONTROL NUMBER
- control field: 14923
003 - CONTROL NUMBER IDENTIFIER
- control field: ARRUPE
005 - DATE AND TIME OF LATEST TRANSACTION
- control field: 20150209140542.0
008 - FIXED-LENGTH DATA ELEMENTS
- fixed length control field: 150209|| aca||aabn | a|a d
040 ## - CATALOGING SOURCE
- Original cataloging agency: ARRUPE
- Transcribing agency: ARRUPE
100 ## - HEADING--PERSONAL NAME
- Personal name: Mbaïosso, Adoum,
- Dates associated with a name: 1948-
670 ## - SOURCE DATA FOUND
- Source citation: Work cat.: (ARRUPE)0: Mbaïosso, Adoum, 1948-, L'éducation au Tchad :, c1990.